Plantation management (A study of rubber plantation industry in India and Malaysia) (Record no. 42936)

MARC details
000 -LEADER
fixed length control field 00417nam a2200133Ia 4500
020 ## - INTERNATIONAL STANDARD BOOK NUMBER
ISBN 8188836516
082 ## - DEWEY DECIMAL CLASSIFICATION NUMBER
Classification number NR:338.45(540)
Item number PIL
100 ## - MAIN ENTRY--AUTHOR NAME
Personal name Pillai, P Sundarsanan
245 #0 - TITLE STATEMENT
Title Plantation management (A study of rubber plantation industry in India and Malaysia)
260 ## - PUBLICATION, DISTRIBUTION, ETC. (IMPRINT)
Place of publication New Delhi
Name of publisher SOnali Publications
Year of publication 2004
650 ## - SUBJECT ADDED ENTRY--TOPICAL TERM
Topical Term Plantation industry
942 ## - ADDED ENTRY ELEMENTS (KOHA)
Koha item type Books
Holdings
Withdrawn status Lost status Damaged status Not for loan Home library Current library Date acquired Cost, normal purchase price Full call number Accession Number Koha item type
        RRII Library RRII Library 16/12/2021 550.00 NR:338.45(540) PIL 23200 Books